Guía del archivo de la antigua Academia de San Carlos (Record no. 4484)

MARC details
000 -CABECERA
campo de control de longitud fija 00861nam a2200241 a 4500
001 - NÚMERO DE CONTROL
campo de control BRCA_4787
005 - FECHA Y HORA DE LA ÚLTIMA TRANSACCIÓN
campo de control 20190320204815.0
008 - DATOS DE LONGITUD FIJA--INFORMACIÓN GENERAL
campo de control de longitud fija 811006s1969----mx-a######---#000-0#spa-#
041 ## - CÓDIGO DE LENGUA
Código de lengua del texto/banda sonora o título independiente spa
044 ## - CÓDIGO DEL PAÍS DE LA ENTIDAD EDITORA/PRODUCTORA
Código MARC del país mx
050 #4 - SIGNATURA TOPOGRÁFICA DE LA BIBLIOTECA DEL CONGRESO
Número de clasificación CD3679
Número de documento/Ítem .F47 1969
100 1# - ENTRADA PRINCIPAL--NOMBRE DE PERSONA
Nombre de persona Fernández, Justino
Fechas asociadas al nombre 1904-1972
9 (RLIN) 6551
245 10 - MENCIÓN DE TÍTULO
Título Guía del archivo de la antigua Academia de San Carlos
Resto del título 1781-1800
Mención de responsabilidad, etc. Justino Fernández.
260 ## - PUBLICACIÓN, DISTRIBUCIÓN, ETC.
Lugar de publicación, distribución, etc. México
Nombre del editor, distribuidor, etc. UNAM, Instituto de Investigaciones Estéticas
Fecha de publicación, distribución, etc. 1969
300 ## - DESCRIPCIÓN FÍSICA
Extensión 114 p.
Otras características físicas il., 1 lámina
Dimensiones 24 cm.
500 ## - NOTA GENERAL
Nota general Suplemento 3 del núm. 37 de los Anales del Instituto de Investigaciones Estéticas
500 ## - NOTA GENERAL
Nota general CFG57
610 24 - PUNTO DE ACCESO ADICIONAL DE MATERIA--NOMBRE DE ENTIDAD CORPORATIVA
Nombre de entidad corporativa o nombre de jurisdicción como elemento de entrada Academia de San Carlos
9 (RLIN) 12114
650 14 - PUNTO DE ACCESO ADICIONAL DE MATERIA--TÉRMINO DE MATERIA
Término de materia o nombre geográfico como elemento de entrada Academias, sociedades doctas, etc.
Subdivisión general Revistas
Subdivisión geográfica México
9 (RLIN) 12115
710 2# - PUNTO DE ACCESO ADICIONAL--NOMBRE DE ENTIDAD CORPORATIVA
Nombre de entidad corporativa o nombre de jurisdicción como elemento de entrada Instituto de Investigaciones Estéticas
9 (RLIN) 11544
902 ## - CATALOGADOR
Iniciales GFM
942 ## - ELEMENTOS DE PUNTO DE ACCESO ADICIONAL (KOHA)
Fuente del sistema de clasificación o colocación Library of Congress Classification
Tipo de ítem Koha Libros
Holdings
Estado de retiro Estado de pérdida Estado dañado No para préstamo Localización permanente Ubicación/localización actual Fecha de adquisición Número de inventario Total de préstamos Signatura topográfica completa Código de barras Fecha visto por última vez Precio válido a partir de Tipo de ítem Koha
El ejemplar forma parte de la colección y puede ser consultado según las políticas vigentes.       Biblioteca del Museo Franz Mayer (Rogerio Casas-Alatriste) Biblioteca del Museo Franz Mayer (Rogerio Casas-Alatriste) 11/10/2010 CFG57   CD3679 .F47 1969 (CFG57) 4815 22/03/2019 22/03/2019 Libros